Normas IRAM-IACC-ISO sobre gestión de la calidad : ISO 9000 /
Guardado en:
| Autor Corporativo: | |
|---|---|
| Formato: | Libro |
| Idioma: | Spanish |
| Publicado: |
[Buenos Aires] :
IRAM,
[1993?]
|
| Materias: | |
| Etiquetas: |
Agregar Etiqueta
Sin Etiquetas, Sea el primero en etiquetar este registro!
|
| LEADER | 00713nam a22001935a 4500 | ||
|---|---|---|---|
| 001 | EIQ.libpla002008 | ||
| 008 | 070323s1993####ag############000#0#spa#d | ||
| 005 | 20070323193115.0 | ||
| 245 | 1 | 0 | |a Normas IRAM-IACC-ISO sobre gestión de la calidad : |b ISO 9000 / |c Instituto Argentino de racionalización de materiales (IRAM). |
| 260 | |a [Buenos Aires] : |b IRAM, |c [1993?] | ||
| 300 | |a 180 h. ; |c 28 cm. | ||
| 650 | 4 | |a ISO |x Normas. | |
| 650 | 4 | |a IRAM |x Normas. | |
| 650 | 4 | |a Control de calidad |x Normas. | |
| 650 | 4 | |a ISO |x Norms. | |
| 650 | 4 | |a Quality control |x Norms. | |
| 040 | |a AR-BbSID |b spa |c AR-BbSID | ||
| 110 | 2 | |a Instituto Argentino de Racionalización de Materiales. | |
| 859 | |a AR-BbSID |b BIB. PLAPIQUI |h 658.562 |i In 7 |k R |p 5155 | ||
